Gaming Quiz

Random Gaming or Board Games Quiz

Risk Territories by Continent Blitz Quiz Stats

 Plays Quiz Updated Apr 13, 2019

Score 0/42 Timer 00:30
5 Plays Today
Continent Territories % Correct
AsiaAfghanistan
88.3%
AsiaChina
88.3%
AsiaIndia (Hindustan)
88.3%
AsiaIrkutsk
88.3%
AsiaJapan
88.3%
AsiaKamchatka
88.3%
AsiaMiddle East
88.3%
AsiaMongolia
88.3%
AsiaSiam (Southeast Asia)
88.3%
AsiaSiberia
88.3%
AsiaUral
88.3%
AsiaYakutsk
88.3%
AfricaCongo (Central Africa)
81.5%
AfricaEast Africa
81.5%
AfricaEgypt
81.5%
AfricaMadagascar
81.5%
AfricaNorth Africa
81.5%
AfricaSouth Africa
81.5%
EuropeGreat Britain (Great Britain & Ireland)
67.8%
EuropeIceland
67.8%
EuropeNorthern Europe
67.8%
Continent Territories % Correct
EuropeScandinavia
67.8%
EuropeSouthern Europe
67.8%
EuropeUkraine (Eastern Europe, Russia)
67.8%
EuropeWestern Europe
67.8%
South AmericaArgentina
66.8%
South AmericaBrazil
66.8%
South AmericaPeru
66.8%
South AmericaVenezuela
66.8%
North AmericaAlaska
57.6%
North AmericaAlberta (Western Canada)
57.6%
North AmericaCentral America
57.6%
North AmericaEastern United States
57.6%
North AmericaGreenland
57.6%
North AmericaNorthwest Territory
57.6%
North AmericaOntario (Central Canada)
57.6%
North AmericaQuebec (Eastern Canada)
57.6%
North AmericaWestern United States
57.6%
AustraliaEastern Australia
56.4%
AustraliaIndonesia
56.4%
AustraliaNew Guinea
56.4%
AustraliaWestern Australia
56.4%

You're not logged in!

Compare scores with friends on all Sporcle quizzes.
OR
Log In

Sporcle TV

Today on Sporcle TV


Watch our educational content, quiz creation guides, and fun videos on Sporcle TV.

Show Comments

Extras

Top Quizzes Today


Score Distribution

Your Account Isn't Verified!

In order to create a playlist on Sporcle, you need to verify the email address you used during registration. Go to your Sporcle Settings to finish the process.

Report this User

Report this user for behavior that violates our Community Guidelines.

Details: